Microeconomics principles and policy

Kaydedildi:
Detaylı Bibliyografya
Yazar: Baumol, William J.
Diğer Yazarlar: Blinder, Alan S.
Materyal Türü: Kitap
Dil:English
Baskı/Yayın Bilgisi: Mason, OH Thomson South-Western 2006
Seri Bilgileri:International student ed.
Konular:
Etiketler: Etiketle
Etiket eklenmemiş, İlk siz ekleyin!
Thư viện lưu trữ: Trung tâm Học liệu Lê Vũ Hùng, Trường Đại học Đồng Tháp
LEADER 00744pam a22002298a 4500
001 00023803
005 20171026081023.0
008 110630s2006 ||||||engsd
020 # # |a 032432345X 
041 0 # |a eng 
082 1 4 |a 338.5  |b M300C 
100 1 # |a Baumol, William J. 
245 1 0 |c William J. Baumol, Alan S. Blinder  |a Microeconomics  |b principles and policy 
260 # # |a Mason, OH  |b Thomson South-Western  |c 2006 
300 # # |a xxvii,505 p.  |b ill.  |c 28 cm. 
490 # # |a International student ed. 
650 # 4 |a Kinh tế vi mô 
700 0 # |a Blinder, Alan S. 
852 # # |b Kho đọc  |j KD.0008005 
852 # # |j KD.0008005 
910 0 # |a Ntuyet  |d 30/06/2011 
980 # # |a Trung tâm Học liệu Lê Vũ Hùng, Trường Đại học Đồng Tháp